[Event "Prague Summer op 7th"]
[Site "Prague"]
[Date "2020.08.08"]
[Round "1"]
[White "Geweniger, Tim"]
[Black "Hrabusa, Matej"]
[Result "0-1"]
[WhiteElo "2010"]
[BlackElo "2350"]
[PlyCount "82"]
[EventDate "2020.08.08"]
[EventType "swiss"]
[EventRounds "9"]
[EventCountry "CZE"]
[SourceTitle "CBM 197 Extra"]
[Source "ChessBase"]
[SourceDate "2020.09.30"]
[SourceVersion "1"]
[SourceVersionDate "2020.09.30"]
[SourceQuality "1"]

1. d4 f5 2. Nc3 Nf6 3. Bg5 d5 4. Bxf6 exf6 5. e3 Be6 6. Bd3 Nc6 7. a3 Qd7 8. Qf3 Ne7 9. h4 h5 10. Nge2 0-0-0 11. 0-0-0 Kb8 12. Kb1 g6 13. Nf4 Bf7 14. Rc1 Nc8 15. g3 c6 16. Qe2 Nd6 17. f3 Re8 18. Qd2 Bh6 19. Rce1 Re7 20. Qf2 Qe8 21. Re2 Rf8 22. Rhe1 Qd7 23. b3 Rfe8 24. Kb2 Bf8 25. Rc1 Nc4+ 26. Bxc4 dxc4 27. e4 Qd6 28. Rd1 cxb3 29. cxb3 Rd7 30. Nb1 g5 31. Ng2 fxe4 32. fxe4 c5 33. d5 Qe5+ 34. Ka2 f5 35. Nd2 Bxd5 36. Rde1 Bg7 37. Nf3 Bxb3+ 38. Kxb3 Qe6+ 39. Kc2 Qa2+ 40. Kc1 Qa1+ 41. Kc2 Qb2# 0-1

[Event "Olomouc op 22nd"]
[Site "Olomouc"]
[Date "2019.08.17"]
[Round "9"]
[White "Lys, Josef"]
[Black "Geweniger, Tim"]
[Result "1-0"]
[WhiteElo "2115"]
[BlackElo "1974"]
[PlyCount "49"]
[EventDate "2019.08.10"]
[EventType "swiss"]
[EventRounds "9"]
[EventCountry "CZE"]
[SourceTitle "CBM 191 Extra"]
[Source "ChessBase"]
[SourceDate "2019.09.30"]
[SourceVersion "1"]
[SourceVersionDate "2019.09.30"]
[SourceQuality "1"]

1. d4 Nf6 2. Nf3 d5 3. c4 e6 4. Nc3 Be7 5. Bg5 Nbd7 6. e3 0-0 7. Rc1 h6 8. Bh4 dxc4 9. Bxc4 a6 10. a4 c5 11. 0-0 cxd4 12. exd4 Re8 13. Re1 Nb6 14. Bb3 Nbd5 15. Ne5 Nxc3 16. bxc3 Nd5 17. Qh5 g6 18. Nxg6 fxg6 19. Qxg6+ Kf8 20. Qxh6+ Kf7 21. Qh7+ Kf8 22. Bxd5 exd5 23. Bxe7+ Rxe7 24. Qh8+ Kf7 25. Qxd8 1-0

[Event "Olomouc op 22nd"]
[Site "Olomouc"]
[Date "2019.08.16"]
[Round "8"]
[White "Geweniger, Tim"]
[Black "Ockay, Tomas"]
[Result "1/2-1/2"]
[WhiteElo "1974"]
[BlackElo "2137"]
[PlyCount "64"]
[EventDate "2019.08.10"]
[EventType "swiss"]
[EventRounds "9"]
[EventCountry "CZE"]
[SourceTitle "CBM 191 Extra"]
[Source "ChessBase"]
[SourceDate "2019.09.30"]
[SourceVersion "1"]
[SourceVersionDate "2019.09.30"]
[SourceQuality "1"]

1. d4 Nf6 2. c4 e6 3. Nc3 d5 4. cxd5 exd5 5. Bg5 Be7 6. e3 0-0 7. Bd3 c6 8. Qc2 Nbd7 9. Nge2 Re8 10. 0-0 Nf8 11. f3 Nh5 12. Bxe7 Qxe7 13. e4 dxe4 14. fxe4 Bg4 15. e5 f6 16. h3 Be6 17. g4 fxe5 18. gxh5 Qg5+ 19. Kh2 Qxh5 20. Bf5 Bc4 21. Bg4 Qh4 22. Ne4 Bd5 23. dxe5 h5 24. Bf3 Rxe5 25. N2g3 Rae8 26. Nc3 Be6 27. Bg2 Nh7 28. Nce4 Bd5 29. Nc3 Be6 30. Nce4 Bd5 31. Nc3 Be6 32. Nce4 Bd5 1/2-1/2

[Event "Olomouc op 22nd"]
[Site "Olomouc"]
[Date "2019.08.15"]
[Round "7"]
[White "Geweniger, Tim"]
[Black "Zaehringer, Daniel"]
[Result "1/2-1/2"]
[WhiteElo "1974"]
[BlackElo "2176"]
[PlyCount "77"]
[EventDate "2019.08.10"]
[EventType "swiss"]
[EventRounds "9"]
[EventCountry "CZE"]
[SourceTitle "CBM 191 Extra"]
[Source "ChessBase"]
[SourceDate "2019.09.30"]
[SourceVersion "1"]
[SourceVersionDate "2019.09.30"]
[SourceQuality "1"]

1. d4 Nf6 2. c4 g6 3. Nc3 Bg7 4. e4 d6 5. f3 0-0 6. Be3 c5 7. Nge2 Nc6 8. d5 Ne5 9. Ng3 h5 10. Be2 h4 11. Nf1 e6 12. f4 Nxc4 13. Bxc4 b5 14. Bxb5 exd5 15. exd5 Qe7 16. Qd2 Ne4 17. Nxe4 Qxe4 18. Bd3 Qxd5 19. Rg1 Rb8 20. Rb1 Qxa2 21. b3 Qa3 22. Qc2 Qb4+ 23. Kf2 Re8 24. Qc4 Qa5 25. Qa4 Qd8 26. b4 Bb7 27. Qc2 h3 28. g3 Qd7 29. bxc5 Qc6 30. Be2 Rbc8 31. Qb3 Ba8 32. Qb5 Qd5 33. Rd1 Qe4 34. Qd3 Qa4 35. Qc4 Qc6 36. Qb5 Qe4 37. Qd3 Qa4 38. Qc4 Qc6 39. Qb5 1/2-1/2

[Event "Olomouc op 22nd"]
[Site "Olomouc"]
[Date "2019.08.14"]
[Round "6"]
[White "Benes, Miroslav"]
[Black "Geweniger, Tim"]
[Result "0-1"]
[WhiteElo "2107"]
[BlackElo "1974"]
[PlyCount "72"]
[EventDate "2019.08.10"]
[EventType "swiss"]
[EventRounds "9"]
[EventCountry "CZE"]
[SourceTitle "CBM 191 Extra"]
[Source "ChessBase"]
[SourceDate "2019.09.30"]
[SourceVersion "1"]
[SourceVersionDate "2019.09.30"]
[SourceQuality "1"]

1. d4 e6 2. c4 Nf6 3. Nc3 Bb4 4. f3 c5 5. d5 b5 6. e4 0-0 7. a3 Bxc3+ 8. bxc3 bxc4 9. Bxc4 Bb7 10. Ne2 exd5 11. exd5 d6 12. 0-0 Nbd7 13. Bb3 c4 14. Bxc4 Nb6 15. Bd3 Nbxd5 16. Rb1 Qc7 17. c4 Nb6 18. Nd4 d5 19. cxd5 Nfxd5 20. Bb2 Ne3 21. Bxh7+ Kh8 22. Qe1 Nxf1 23. Qh4 Qxh2+ 24. Qxh2 Nxh2 25. Bc2 Nc4 26. Bc3 Bd5 27. Nf5 f6 28. Ne7 Bf7 29. Kxh2 Rfe8 30. Bb4 Ne5 31. Kg3 g6 32. f4 Nc4 33. Bc3 Kg7 34. Rb7 Nd6 35. Rd7 Rad8 36. Rxa7 Nb5 0-1

[Event "Olomouc op 22nd"]
[Site "Olomouc"]
[Date "2019.08.11"]
[Round "3"]
[White "Geweniger, Tim"]
[Black "Cagasik, Tomas"]
[Result "0-1"]
[WhiteElo "1974"]
[BlackElo "2118"]
[PlyCount "69"]
[EventDate "2019.08.10"]
[EventType "swiss"]
[EventRounds "9"]
[EventCountry "CZE"]
[SourceTitle "CBM 191 Extra"]
[Source "ChessBase"]
[SourceDate "2019.09.30"]
[SourceVersion "1"]
[SourceVersionDate "2019.09.30"]
[SourceQuality "1"]

1. d4 d5 2. c4 e5 3. dxe5 dxc4 4. Qxd8+ Kxd8 5. Nf3 Nc6 6. Bf4 Rb8 7. Nc3 Bb4 8. 0-0-0+ Bd7 9. Ng5 Ke8 10. Nxf7 Kxf7 11. Rxd7+ Nge7 12. e3 Bxc3 13. bxc3 b5 14. Be2 Rbc8 15. Rhd1 Nb8 16. e6+ Kxe6 17. Bg4+ Kf7 18. R7d2 Na6 19. Bxc8 Rxc8 20. Rd8 Ke6 21. Rxc8 Nxc8 22. Rd8 Nb6 23. a3 Nd5 24. Kc2 Nc5 25. Ra8 Na4 26. Rxa7 Naxc3 27. Rb7 c5 28. f3 b4 29. axb4 cxb4 30. Rxb4 Nxb4+ 31. Kxc3 Nd3 32. Kxc4 Ne1 33. Bg3 Nxg2 34. Kd3 h5 35. h3 0-1

[Event "Untergrombach-ch 35th"]
[Site "Untergrombach"]
[Date "2018.01.03"]
[Round "2"]
[White "Wilhelm, Jochen"]
[Black "Geweniger, Tim"]
[Result "1-0"]
[WhiteElo "2164"]
[BlackElo "1933"]
[PlyCount "99"]
[EventDate "2018.01.02"]
[EventType "swiss"]
[EventRounds "7"]
[EventCountry "GER"]
[SourceTitle "CBM 182 Extra"]
[Source "ChessBase"]
[SourceDate "2018.02.23"]
[SourceVersion "1"]
[SourceVersionDate "2018.02.23"]
[SourceQuality "1"]

1. e4 e6 2. d4 d5 3. Nc3 Nf6 4. e5 Nfd7 5. f4 c5 6. Nf3 Nc6 7. Be3 Be7 8. Qd2 0-0 9. Be2 a6 10. 0-0 b5 11. Nd1 f5 12. c3 Qb6 13. Nf2 b4 14. dxc5 Bxc5 15. Bxc5 Nxc5 16. Kh1 Bb7 17. Nd4 bxc3 18. bxc3 Na5 19. Rab1 Qc7 20. Rb4 Nc4 21. Bxc4 dxc4 22. Rxc4 Bd5 23. Rb4 a5 24. Rbb1 Rab8 25. Rxb8 Qxb8 26. Qc2 Qb7 27. Nd1 Rb8 28. Ne3 Be4 29. Qd2 Qa6 30. Kg1 Nd3 31. c4 Rb2 32. Qc3 Qb7 33. c5 Rb1 34. c6 Rxf1+ 35. Nxf1 Qc8 36. g3 Nb4 37. Nd2 Bd5 38. N2b3 a4 39. Qxb4 axb3 40. axb3 Bxc6 41. Qc5 Bd7 42. Qxc8+ Bxc8 43. Kf2 Kf7 44. Ke3 Ba6 45. Nc2 Ke7 46. Kd4 Kd7 47. Kc5 Kc7 48. b4 Bb7 49. Nd4 Bd5 50. Nxf5 1-0